| 000 | 00778cam a2200241u 4500 | ||
|---|---|---|---|
| 001 | 2452 | ||
| 003 | BD-RjUL | ||
| 005 | 20211208233544.0 | ||
| 008 | 810403s1969 enkch 001 0aeng | ||
| 035 | _a(BD-RjUL)2479 | ||
| 040 |
_aDLC _cCarP _dDLC _beng |
||
| 041 | _aeng | ||
| 082 |
_216 _a330.92 _bYOA 1967 |
||
| 100 | 1 |
_aYoung, Arthur, _d1741-1820. _97941 |
|
| 245 | 0 | 4 |
_aThe autobiography of Arthur Young : _bwith selections from his correspondence ... _c Arthur Young |
| 260 |
_aLondon : _bSmith, Elder & co., _cC1898.[Reprinted] |
||
| 300 |
_ax p., 1 l., _b480 p. 2 pl., 2 port. (incl. front.) 1 fold. facsim. _c22 cm. |
||
| 526 | _bHistory | ||
| 700 | 1 |
_aBetham-Edwards, Matilda, _d1836-1919, _eed. _97942 |
|
| 942 |
_2ddc _cBK |
||
| 999 |
_c2452 _d2452 |
||